| 000 | 00441nam a2200181Ia 4500 | ||
|---|---|---|---|
| 008 | 090630s9999 xx 000 0 und d | ||
| 082 | _b16150 | ||
| 100 | _aHarold Robins. | ||
| 245 |
_aThe Dreams Merchants. _cHarold Robins. |
||
| 260 | _b--- | ||
| 300 | _a479 | ||
| 600 | _aHarold Robins. | ||
| 630 | _aThe Dreams Merchants. | ||
| 655 | _aEnglish. | ||
| 700 | _aHarold Robins. | ||
| 730 | _aThe Dreams Merchants. | ||
| 942 | _cBOOK | ||
| 999 |
_c268006 _d268006 |
||